000 00445nab a22001217u 4500
008 130520b2007 xxu||||| |||| 00| 0 spa d
041 _aspa
100 1 _aRubertiello, Juan Carlos
_982046
245 0 0 _aEl personalismo como filosofía de la educación para el siglo XXI
_cJuan Carlos Rubertiello, Franklin R. León
700 1 _aLeón, Franklin R.
_982047
773 0 _tAnthropos
_gV.28, nº1-2,2007,págs. 101-116
_x0254-1629
_wRev38
942 _cAR
999 _c409862
_d409862